Mediación familiar. Prevención y alternativa al litigio en los conflictos familiares

שמור ב:
מידע ביבליוגרפי
מחבר ראשי: García García, Lucía (Author)
פורמט: ספר
שפה:ספרדית
יצא לאור: Madrid Dykinson 2003
מהדורה:1a. ed
סדרה:Colección Monografías de Derecho Civil, 2
נושאים:
תגים: הוספת תג
אין תגיות, היה/י הראשונ/ה לתייג את הרשומה!

MARC

LEADER 00000nam a2200000 a 4500
001 UCK7311
003 CL-VaPUC
008 051118e20030000SP |||||||||||||||||spa|d
020 |a 8497720318 
082 0 4 |a 347.09  |b GAR  |2 21 
100 0 |a García García, Lucía  |e author  |9 496826 
245 1 0 |a Mediación familiar. Prevención y alternativa al litigio en los conflictos familiares 
250 |a 1a. ed 
300 |a 235 p 
942 |c BK 
945 |d 20051118 00:00:00  |a cmena 
260 |a Madrid  |b Dykinson  |c 2003 
650 0 |a Mediación  |9 338396 
650 0 |a Derecho de familia  |9 255603 
650 0 |a Derecho civil  |9 255013 
650 0 |a Resolución de conflictos  |9 434922 
650 0 |a Negociación  |9 307187 
583 |a last modification  |c 20051118 00:00:00  |k Rodrigo Vera 
490 0 |a Colección Monografías de Derecho Civil, 2 
999 |c 315310  |d 315308 
952 |0 0  |1 0  |4 0  |6 347_090000000000000_GAR_2003  |7 0  |8 A  |9 388405  |a BIBDER  |b BIBDER  |d 2019-11-22  |i 417562K  |o 347.09 GAR 2003  |p 417562K  |r 2023-01-25  |w 2019-11-22  |y BK  |k DER